00303nam a2200109Ia 4500008004100000041000800041082002800049100001700077245005400094260003600148300000900184230519s9999 xx 000 0 und d aeng aMS/610.73677/ANS/DB0126 aAnsari Javed aClinical Record Book for Medical Surgical Nursing bS Vikas and CoaJalandharc2012 a418p